000 02217nam0a2200421 4500
001 RU\NLR\BIBL_A\012645117
005 20220118130102.0
010 _a978-5-94215-561-2
_9500
021 _aRU
_bКН-П-21-046726
_9КН-П-21-3683
035 _a(NLR Aleph) 012645117
090 _a12708593
_c12708593
100 _a20211118d2021 u y0rusy50 ca
101 0 _arus
_aeng
102 _aRU
105 _ay|||j||||||z|
181 0 _ai
_baxxe
182 0 _an
200 1 _aСовременные проблемы когнитивной деятельности в предметной области "Предпринимательство и бизнес"
_eмонография
_fА.В. Жандарова, С.Н. Семенова, Л.Г. Аксютенкова
_gМинистерство науки и высшего образования Российской Федерации, Кубанский государственный университет
203 _aТекст
_bвизуальный
_cнепосредственный
205 _a2-е изд. перераб., и доп.
210 _aКраснодар
_cЭкоинвест
_d2021
215 _a183 с.
_d21
300 _aЧасть текста англ.
320 _aБиблиогр.: с. 161-181 (280 назв.)
606 1 _aКогнитивная лингвистика
_91523672
_3RU\NLR\AUTH\66662714
606 1 _aКонцепты
_92127707
_3RU\NLR\AUTH\661284071
606 1 _aАнглийский язык
_xТерминология экономическая
_9971754
_3RU\NLR\AUTH\6645736
606 1 _aРусский язык
_xТерминология экономическая
_91697588
_3RU\NLR\AUTH\661053534
686 1 _aШ100.4
686 1 _aШ143.21-34в
686 1 _aШ141.12-34в
700 1 _aЖандарова
_bА. В.
_gАнна Витальевна
701 1 _7ca
_8rus
_aСеменова
_bС. Н.
_cканд. филол. наук
_gСофия Новиковна
_9186781
_3RU\NLR\AUTH\770186832
701 1 _aАксютенкова
_bЛ. Г.
_gЛюдмила Геннадьевна
942 _cBOOK
980 _aNB